000 01835nam a2200493 i 4500
001 15505
003 KOSZ 005
005 20200630110759.0
008 200417s1973 pl ab f f 001 0 pol
015 _aUWD 1973/3614
035 _a991033337039705066
035 _a(PL-WaBN)b18929229-48omnis_nlop
035 _ab18929229
035 _a(OCoLC)749493960
035 _a(PL)b0000001892922
035 _a(EXLNZ-48OMNIS_NETWORK)9910529443805606
040 _aWA N
_cWA N
_dKOSZ 005/RW
046 _k1973
080 _a66.01/.09
080 _a(075.8)
100 1 _aZieliński, Antoni Zbigniew
_d(1911-1996)
_eAutor
245 1 0 _aChemiczna technologia organiczna /
_cAntoni Z. Zieliński.
260 _aWarszawa :
_bWydawnictwa Naukowo-Techniczne,
_c1973.
300 _a409, [1] stron :
_bilustracje, mapy ;
_c24 cm.
336 _aTekst
_btxt
_2rdacontent
337 _aBez urządzenia pośredniczącego
_bn
_2rdamedia
338 _aWolumin
_bnc
_2rdacarrier
380 _aKsiążki
380 _aPublikacje fachowe
380 _aPublikacje dydaktyczne
388 _a1901-2000
388 _a1945-1989
504 _aBibliografia na stronach 397-[401]. Indeks.
521 8 _aKsiążka jest podręcznikiem akademickim przeznaczonym dla studentów wydziałów chemicznych wyższych uczelni technicznych. Mogą z niej również korzystać inżynierowie zatrudnieni w chemicznym przemyśle organicznym.
650 7 _aTechnologia chemiczna organiczna
_2DBN
650 7 _aPrzemysł
655 7 _aPodręcznik
_2DBN
658 _aChemia
658 _aInżynieria i technika
710 2 _aWydawnictwa Naukowo-Techniczne
_4pbl
856 _uhttp://koha.tu.koszalin.pl/cgi-bin/koha/opac-detail.pl?biblionumber=15505
_yKatalog online BPK
942 _2UKD
_cKS
999 _c15505
_d15505